000 00957nam a2200229 a 4500
001 000026127
005 20250306110006.0
008 110301s1974 mx r 000 0 spa d
040 _aDO-SdBNP
_bspa
_cBNPHU
041 1 7 _aspa
_heng
_2Código de idiomas MARC
082 _a332.71
_bW721s
100 1 _aWilliams, Simon.
_953091
240 1 0 _aCredit systems for small-scale farmers.
_lEspañol
245 1 0 _aSistemas de crédito para pequeños agricultores :
_bhistorías de casos de México /
_cSimon Williams y James A. Miller ; traducción de José Meza Nieto.
260 _aMéxico, D. F. :
_bCentro Regional de Ayuda Técnica. Agencia para el Desarrollo Internacional ;
_bDiana,
_c1974.
300 _a696 p. ;
_c23 cm.
534 _aTítulo original :
_tCredit systems for small-scale farmers
650 0 _aCrédito agrícola
_927394
650 0 _aAgricultura -
_xAspectos económicos
_930596
700 1 _aMeza Nieto, José,
_etr.
_945365
049 _aBNGR
999 _c25619
_d25619